000 00379 a2200169 4500
001 184595
020 _a85-08-08762-4
040 _cMagnum
100 _aBrezina, Thomas
240 1 0 _aProcura-se um vampiro
_lpor
245 1 0 _aProcura-se um vampiro
300 _a85
362 0 _a2003
440 1 _aÁtica
697 _aLITERATURA INFANTO-JUVENIL ESTRANGEIRA
942 _cBK
999 _c184595
_d184595